Gaming Quiz

Random Gaming or Video Games Quiz
Score 0/20 Timer 05:00
5 Plays Today
% Correct
Pokémon Red/Blue Version
92.5%
Guitar Hero
88.1%
Super Street Fighter II
72.4%
Doom
71%
Super Mario 64
70.1%
Final Fantasy VI
67.1%
The Legend of Zelda: Ocarina of Time
65.8%
Sonic Adventure 2
64.5%
Banjo-Kazooie
62.7%
Kingdom Hearts
55.6%
% Correct
Super Smash Bros.
54.8%
Super Mario Sunshine
54.5%
Dead Space
45%
Bioshock
44.9%
Persona 4
26.5%
Metroid
20.5%
Shadow of the Colossus
15.1%
Chrono Cross
9.8%
Eternal Sonata
9.1%
Alan Wake
8.6%

You're not logged in!

Compare scores with friends on all Sporcle quizzes.
OR
Log In

Sporcle TV

Today on Sporcle TV


Watch our educational content, quiz creation guides, and fun videos on Sporcle TV.

Show Comments

Extras

Top Quizzes Today


Score Distribution

Paid Content

Your Account Isn't Verified!

In order to create a playlist on Sporcle, you need to verify the email address you used during registration. Go to your Sporcle Settings to finish the process.

Report this User

Report this user for behavior that violates our Community Guidelines.

Details: